Statistics for CSGO top 4 teams at major

Click here to take the quiz!

General Stats

  • This quiz has been taken 339 times
    (211 since last reset)
  • The average score is 112 of 192

Answer Stats

Answer% Correct
Navi
94%
Vitality
92%
Faze
90%
Astralis
89%
dupreeh
87%
ZywOo
86%
apEX
85%
G2
85%
mou
85%
NIP
85%
Virtus Pro
85%
ENCE
84%
GamerLegion
84%
Fnatic
83%
Liquid
83%
Magisk
83%
Cloud9
81%
iM
80%
Spinx
80%
Heroic
79%
Outsiders
79%
s1mple
79%
Furia
78%
SK
78%
Gambit
77%
Niko
77%
Envyus
76%
karrigan
76%
rain
76%
dev1ce
74%
gla1ve
74%
MOUZ
73%
twist
73%
Twistzz
73%
b1t
72%
cadiaN
72%
electroNic
72%
ropz
72%
broky
71%
FalleN
71%
huNter
71%
Luminosity
71%
Snax
71%
coldzera
70%
Jame
70%
JW
70%
kennyS
70%
olofmeister
70%
Perfecto
70%
Xyp9x
70%
LDLC
69%
NEO
69%
Apeks
68%
Boombl4
68%
GeT_RiGhT
68%
jabbi
68%
pashabiceps
68%
stavn
68%
Stewie2K
68%
TaZ
67%
TeSeS
67%
Zeus
67%
f0rest
66%
flusha
66%
GuardiaN
66%
Happy
66%
jL
66%
MIBR
66%
Skadoodle
66%
Aleksib
65%
fame
65%
fer
65%
HObbit
65%
KSCERATO
65%
sjuush
65%
tarik
65%
acoR
64%
AVANGAR
64%
byali
64%
siuhy
64%
TACO
64%
arT
63%
dycha
63%
Immortals
63%
JACKZ
63%
Kjaerbye
63%
NBK
63%
Qikert
63%
autimatic
61%
EliGE
61%
fnx
61%
AdreN
60%
allu
60%
frozen
60%
KRIMZ
60%
nexa
60%
Renegades
60%
shox
60%
yuurih
60%
Dosia
59%
FL1T
59%
flamie
59%
friberg
59%
HEN1
59%
Keoz
59%
Spirit
59%
Edward
58%
NAF
58%
sh1ro
58%
AMANEK
57%
hades
57%
jks
57%
kioShiMa
57%
TSM
57%
isak
56%
Xizt
56%
jkaem
55%
Snappi
55%
Ax1Le
54%
Dignitas
53%
Hiko
53%
NRG
53%
pronax
53%
Maden
52%
nitr0
52%
RUSH
52%
dexter
51%
magixx
51%
nafany
51%
refrezh
51%
drop
50%
n0rb3r7
50%
nawwk
50%
sergej
50%
Fifflaren
49%
LUCAS1
49%
saffee
49%
boltz
48%
chopper
48%
torzsi
48%
ceRq
47%
xertioN
47%
xseveN
47%
Complexity
46%
felps
46%
SmithZz
46%
STYKO
46%
Brehze
45%
devilwalk
45%
JDC
44%
kyxsan
44%
dennis
43%
interz
43%
ScreaM
43%
Aerial
42%
cajunb
42%
seized
42%
degster
41%
kNg
40%
s1ren
40%
buster
39%
fox
39%
Gratisfaction
39%
stanislaw
39%
steel
39%
VeryGames
39%
AZR
38%
SANJI
38%
schneider
37%
Ethan
36%
Maikelele
36%
Patsi
36%
LGB
35%
Liazz
34%
disco doplan
31%
jdm64
31%
KQLY
28%
Ex6TenZ
26%
FeTiSh
25%
swag
25%
Maniac
24%
starix
24%
aizy
22%
n0thing
21%
seangares
18%
SEMPHIS
13%
Uzzziii
13%
cype
12%

Score Distribution

Percentile by Number Answered

Percent of People with Each Score

Your Score History

You have not taken this quiz since the last reset